Geographic Groups of Five - Island Countries - Statistics

General Stats
  • This quiz has been taken 134 times
  • The average score is 23 of 29
Answer Stats
Hint Answer % Correct
Countries that claim land on the same island (type either country) Dominican Republic/Haiti
96%
Countries in the Greater Antilles Cuba
95%
Countries that claim land on the same island (type either country) Indonesia/Brunei
95%
Countries that claim land on the same island (type either country) Indonesia/Papua New Guinea
95%
Countries in the Greater Antilles Haiti
94%
Countries that claim land on the same island (type either country) Indonesia/East Timor
94%
Countries in the Greater Antilles Dominican Republic
93%
Countries in the Malay Archipelago, but are only located within Asia Indonesia
92%
Countries with the word ' and ' in their names (used as a conjunction) Antigua and Barbuda
91%
Countries with the word ' and ' in their names (used as a conjunction) Saint Kitts and Nevis
91%
Countries with the word ' and ' in their names (used as a conjunction) Saint Vincent and the Grenadines
90%
Countries in the Malay Archipelago, but are only located within Asia Singapore
89%
Countries in the Greater Antilles Jamaica
88%
Countries in the Malay Archipelago, but are only located within Asia Brunei
86%
Countries with the word ' and ' in their names (used as a conjunction) Trinidad and Tobago
85%
Countries in the Malay Archipelago, but are only located within Asia East Timor
81%
Countries in the Malay Archipelago, but are only located within Asia Philippines
76%
Countries that begin with the letter M Madagascar
75%
Countries that begin with the letter M Malta
72%
Countries that begin with the letter M Maldives
71%
Countries that begin with the letter M Mauritius
70%
Countries that begin with the letter M Marshall Islands
69%
Countries with the word 'and' in their names (part of the name) Marshall Islands
69%
Countries with the word ' and ' in their names (used as a conjunction) Sao Tome and Principe
65%
Countries that claim land on the same island (type either country) Ireland/United Kingdom
64%
Countries with the word 'and' in their names (part of the name) Solomon Islands
59%
Countries with the word 'and' in their names (part of the name) Iceland
52%
Countries with the word 'and' in their names (part of the name) Ireland
49%
Countries with the word 'and' in their names (part of the name) New Zealand
40%
No matching quizzes found
Score Distribution
Percent of People with Each Score
Percentile by Number Answered
Your Score History
You have not taken this quiz